Which country has Portugal most similarty on dna - Statistics

General Stats
  • This quiz has been taken 70 times
  • The average score is 12 of 20
Answer Stats
Rank Country % Correct
1 Spain
100%
3 France
96%
2 Italy
96%
4 Morocco
87%
5 Algeria
85%
6 Tunisia
79%
7 Greece
75%
12 Egypt
67%
11 Libya
65%
13 Turkey
65%
15 Israel
56%
10 Malta
54%
9 Syria
54%
8 Lebanon
46%
14 Jordan
42%
19 Saudi Arabia
40%
17 Armenia
29%
18 Azerbaijan
29%
20 Yemen
29%
16 Georgia
27%
No matching quizzes found
Score Distribution
Percent of People with Each Score
Percentile by Number Answered
Your Score History
You have not taken this quiz